| 000 | 00574nam a2200169 4500 | ||
|---|---|---|---|
| 001 | 144494 | ||
| 003 | ES-MaACL | ||
| 005 | 20230906201030.0 | ||
| 007 | t| | ||
| 008 | 070214s1971 sp r ||||1| spa d | ||
| 100 | 1 |
_aSitwell, Edith. _9106713 |
|
| 245 | 1 | 0 |
_aCánticos del Sol, de la vida y de la muerte / _cEdith Sitwell ; selección, traducción y notas de Manuel Moreno Jimeno. |
| 260 |
_aMadrid : _bA. Corazón, _c1971 ( _fAldus) |
||
| 300 |
_a74 p., 1 lám. = retr. aut. ; _c20 cm. |
||
| 700 | 1 |
_aMoreno Jimeno, Manuel. _983390 |
|
| 852 |
_aES-MaACL _jC-40099 _bR.76584 |
||
| 999 |
_c144494 _d144494 |
||